[Event "Please do not Yell"]
[Site "SchemingMind.com"]
[Date "2009.05.09"]
[Round "-"]
[White "AycaguerMarcel"]
[Black "Heidi"]
[Result "1-0"]
[WhiteCountry "URU"]
[BlackCountry "USA"]
[WhiteElo "1532"]
[WhiteRD "77"]
[BlackElo "993"]
[BlackRD "71"]
[GameID "203901"]

1. e4 e5 2. Nf3 Nc6 3. d4 Nf6 4. dxe5 Nxe5 5. Nxe5 Qe7 6. Nf3 Nxe4 7. Be2 Qe6 8. O-O d5 9. c4 c6 10. cxd5 cxd5
11. Bb5+ Kd8 12. Bc4 Bd6 13. Bxd5 Qd7 14. Bxe4 Qe8 15. Qxd6+ Bd7 16. Rd1 Rc8 17. Bf5 g6 18. Bxd7 Rc4 19. Be6+
1-0

[Event "Please do not Yell"]
[Site "SchemingMind.com"]
[Date "2009.05.09"]
[Round "-"]
[White "Heidi"]
[Black "AycaguerMarcel"]
[Result "0-1"]
[WhiteCountry "USA"]
[BlackCountry "URU"]
[WhiteElo "979"]
[WhiteRD "69"]
[BlackElo "1558"]
[BlackRD "73"]
[GameID "203902"]

1. e4 e6 2. Nf3 d5 3. Nc3 d4 4. Nb5 c5 5. Na3 b6 6. c3 dxc3 7. bxc3 Ba6 8. Bxa6 Nxa6 9. Nc4 b5 10. Nce5 Nf6
11. Bb2 Bd6 12. Nd3 Nxe4 13. Qc2 Nf6 14. O-O O-O 15. c4 b4 16. Rfe1 Rc8 17. Ng5 h6 18. Ne5 hxg5 19. Re3 g4 20. Nd3 Re8
21. h3 g3 22. fxg3 Nb8 23. Rf3 e5 24. Nf2 Nc6 25. Rf5 Nd4 26. Qe4 Nxf5 27. g4 Nd4 28. Re1 Nxe4 29. Nxe4 Qh4 30. Re3 Bb8
31. a3 a5 32. Bxd4 exd4 33. Rf3 Rxe4
0-1

[Event "Please do not Yell"]
[Site "SchemingMind.com"]
[Date "2009.05.09"]
[Round "-"]
[White "e_castle3"]
[Black "AycaguerMarcel"]
[Result "1-0"]
[WhiteCountry "PHI"]
[BlackCountry "URU"]
[WhiteElo "1744"]
[WhiteRD "66"]
[BlackElo "1587"]
[BlackRD "76"]
[GameID "203955"]

1. e4 e6 2. d4 d5 3. exd5 exd5 4. Nf3 Nf6 5. Be2 Be7 6. O-O O-O 7. Re1 Bg4 8. Nc3 Nbd7 9. h3 Bxf3 10. Bxf3 c6
11. Bf4 Re8 12. g4 Kf8 13. Qd3 g6 14. Bh6+ Kg8 15. Kh1 Kh8 16. Re2 Bf8 17. Bxf8 Rxf8 18. Rae1 Re8 19. g5 Rxe2 20. Rxe2 Ne8
21. Qe3 Nd6 22. Qf4 Qf8 23. Bg4 Rd8 24. b3 b5 25. a4 a6 26. Re3 Kg8 27. axb5 axb5 28. Ne2 f5 29. Bf3 Ne4 30. Bg2
1-0

[Event "Please do not Yell"]
[Site "SchemingMind.com"]
[Date "2009.05.09"]
[Round "-"]
[White "e_castle3"]
[Black "Heidi"]
[Result "1-0"]
[WhiteCountry "PHI"]
[BlackCountry "USA"]
[WhiteElo "1728"]
[WhiteRD "72"]
[BlackElo "986"]
[BlackRD "71"]
[GameID "203956"]

1. e4 e5 2. Nf3 Nf6 3. Nxe5 Qe7 4. Nf3 d5 5. e5 Ng4 6. d4 Nc6 7. Bb5 Bd7 8. O-O Nb4 9. Bxd7+ Kxd7 10. c3 Re8
11. cxb4 Qxb4 12. Nc3 c6 13. a3 Qe7 14. h3 Nh6 15. Qb3 Kc8 16. a4 Nf5 17. a5 a6 18. Na4 g5 19. Bxg5 Qd7 20. Nb6+ Kc7
21. Nxd7 Kxd7 22. Qxb7+ Ke6 23. Qxc6+ Bd6 24. exd6 Rc8 25. Rfe1+ Ne3 26. Rxe3+ Kf5 27. Qd7+ Kg6 28. Qe7 h6 29. Qf6+
1-0

[Event "Please do not Yell"]
[Site "SchemingMind.com"]
[Date "2009.05.09"]
[Round "-"]
[White "AycaguerMarcel"]
[Black "e_castle3"]
[Result "1-0"]
[WhiteCountry "URU"]
[BlackCountry "PHI"]
[WhiteElo "1558"]
[WhiteRD "73"]
[BlackElo "1691"]
[BlackRD "69"]
[GameID "203957"]

1. d4 d5 2. Bf4 Bf5 3. e3 e6 4. Nf3 Nf6 5. Be2 Be7 6. O-O O-O 7. Nbd2 Nc6 8. c4 dxc4 9. Nxc4 Nd5 10. Bg3 Qd7
11. Rc1 Rfd8 12. a3 Rac8 13. Qb3 b6 14. Ncd2 Na5 15. Qd1 f6 16. e4 Bg6 17. exd5 exd5 18. b4 Nc6 19. Bb5
1-0

[Event "Please do not Yell"]
[Site "SchemingMind.com"]
[Date "2009.05.10"]
[Round "-"]
[White "Heidi"]
[Black "e_castle3"]
[Result "0-1"]
[WhiteCountry "USA"]
[BlackCountry "PHI"]
[WhiteElo "986"]
[WhiteRD "71"]
[BlackElo "1728"]
[BlackRD "72"]
[GameID "203958"]

1. d4 d5 2. Nc3 Nf6 3. Nf3 Bg4 4. h3 Bh5 5. Ng5 h6 6. Nf3 e6 7. Bf4 a6 8. e3 Bb4 9. Bd3 Bxc3+ 10. Nd2 Bxd1
11. Kxd1 Bxd2 12. Kxd2 O-O 13. g4 Nc6 14. f3 Nb4 15. h4 Qd7 16. a3 Nxd3 17. Kxd3 Qb5+ 18. Kd2 c5 19. Rae1 cxd4 20. exd4 Qxb2
21. Ra1 Qxd4+ 22. Ke2 Qxf4 23. g5 hxg5 24. Rhg1 gxh4 25. Rab1 Rac8 26. Rxb7 Rxc2+ 27. Kd3 Qc4+ 28. Ke3 d4+ 29. Kf4 d3+ 30. Kg5 Nh7+
31. Kh5 g6+ 32. Kh6 Qf4+ 33. Rg5 Qxg5#
0-1

[Event "Please do not Yell"]
[Site "SchemingMind.com"]
[Date "2009.05.09"]
[Round "-"]
[White "Archon"]
[Black "e_castle3"]
[Result "1/2-1/2"]
[WhiteCountry "CAN"]
[BlackCountry "PHI"]
[WhiteElo "1661"]
[WhiteRD "60"]
[BlackElo "1747"]
[BlackRD "69"]
[GameID "203962"]

1. d4 d5 2. e4 dxe4 3. Nc3 Nf6 4. f3 exf3 5. Nxf3 Bg4 6. h3 Bh5 7. g4 Bg6 8. Bg2 c6 9. Ne5 Nbd7 10. Bf4 e6
11. Qd2 Nxe5 12. Bxe5 Bb4 13. O-O-O O-O 14. a3 Ba5 15. Rhf1 Nd5 16. Bxd5 cxd5 17. Kb1 Rc8 18. Rf3 Qe7 19. Rdf1 Rc4 20. Qe1 Qd7
21. h4 h5 22. Rf6 Bxc3 23. bxc3 gxf6 24. Rxf6 Qa4 25. gxh5 Qxc2+ 26. Ka1 Qxc3+ 27. Qxc3 Rxc3 28. hxg6 fxg6 29. Rxg6+ Kh7 30. Rg7+ Kh6
31. Rxb7 Rf1+ 32. Kb2 Rc6 33. Rxa7 Rf2+ 34. Kb3 Rf1 35. a4 Rb1+ 36. Ka2 Rbb6 37. a5 Rb5 38. Ra8 Rc2+ 39. Ka3 Rc1 40. Ka2 Rc4
41. Ka3 Rc1 42. Ka2 Rc4=
1/2-1/2

[Event "Please do not Yell"]
[Site "SchemingMind.com"]
[Date "2009.05.09"]
[Round "-"]
[White "Archon"]
[Black "AycaguerMarcel"]
[Result "1-0"]
[WhiteCountry "CAN"]
[BlackCountry "URU"]
[WhiteElo "1710"]
[WhiteRD "56"]
[BlackElo "1532"]
[BlackRD "77"]
[GameID "203963"]

1. d4 d5 2. e4 dxe4 3. Nc3 Bf5 4. f3 exf3 5. Nxf3 Nf6 6. Ne5 e6 7. g4 Bg6 8. Bg2 c6 9. h4 h5 10. Nxg6 fxg6
11. g5 Nd5 12. Nxd5 exd5 13. O-O Be7 14. Qd3 Qd6 15. Bf4
1-0

[Event "Please do not Yell"]
[Site "SchemingMind.com"]
[Date "2009.05.09"]
[Round "-"]
[White "Archon"]
[Black "Heidi"]
[Result "1-0"]
[WhiteCountry "CAN"]
[BlackCountry "USA"]
[WhiteElo "1710"]
[WhiteRD "56"]
[BlackElo "993"]
[BlackRD "71"]
[GameID "203964"]

1. d4 d5 2. e4 Nf6 3. e5 Bg4 4. f3 Bf5 5. exf6 exf6 6. Bd3 Qe7+ 7. Ne2 Qe6 8. O-O Bb4 9. c3 O-O 10. cxb4 Nd7
11. Bxf5 Qxf5 12. Nbc3 c6 13. b5 cxb5 14. Nxb5 Rac8 15. Nd6 Qe6 16. Nxc8 Rxc8 17. Bf4 h6 18. Rc1 Re8 19. Re1 Qd6 20. Bxd6 Re6
21. Ba3 Nb6 22. Ng3 Rd6 23. Re8+ Kh7 24. Qd3+ f5 25. Qxf5+
1-0

[Event "Please do not Yell"]
[Site "SchemingMind.com"]
[Date "2009.05.10"]
[Round "-"]
[White "e_castle3"]
[Black "Archon"]
[Result "1-0"]
[WhiteCountry "PHI"]
[BlackCountry "CAN"]
[WhiteElo "1744"]
[WhiteRD "66"]
[BlackElo "1684"]
[BlackRD "64"]
[GameID "203965"]

1. Nf3 d6 2. e4 g6 3. Bb5+ c6 4. Ba4 Bg7 5. O-O b5 6. Bb3 Nh6 7. h3 Bb7 8. d3 Nd7 9. c3 a6 10. Be3 c5
11. Qd2 Ng8 12. Na3 Qc7 13. Rac1 Rc8 14. Rfe1 Kf8 15. Ng5 Nh6 16. Ne6+ fxe6 17. Bxh6 d5 18. Bxg7+ Kxg7 19. Qg5 Nb6 20. exd5 exd5
21. Rxe7+
1-0

[Event "Please do not Yell"]
[Site "SchemingMind.com"]
[Date "2009.05.10"]
[Round "-"]
[White "AycaguerMarcel"]
[Black "Archon"]
[Result "1-0"]
[WhiteCountry "URU"]
[BlackCountry "CAN"]
[WhiteElo "1558"]
[WhiteRD "73"]
[BlackElo "1703"]
[BlackRD "59"]
[GameID "203966"]

1. c4 e5 2. d3 Nc6 3. e3 Nf6 4. Nf3 d6 5. Be2 Be7 6. O-O O-O 7. Nc3 h6 8. a3 a5 9. Bd2 Be6 10. Kh1 d5
11. cxd5 Nxd5 12. Qc2 f5 13. Rac1 Nf6 14. Kg1 Kh8 15. Kh1 g5 16. Ng1 f4 17. Ne4 a4 18. Nc5 Bxc5 19. Qxc5 Qd6 20. Qb5 Bd7
21. Qc4 h5 22. Bb4 Nxb4 23. axb4 Bc6 24. b5 f3 25. Nxf3 Ng4 26. h3 Bxf3 27. Bxf3 e4 28. Bxg4 hxg4 29. hxg4 Rf7 30. g3 exd3
31. Rcd1 d2 32. Qxf7 Rf8 33. Qh5+
1-0

[Event "Please do not Yell"]
[Site "SchemingMind.com"]
[Date "2009.05.10"]
[Round "-"]
[White "Heidi"]
[Black "Archon"]
[Result "0-1"]
[WhiteCountry "USA"]
[BlackCountry "CAN"]
[WhiteElo "993"]
[WhiteRD "71"]
[BlackElo "1710"]
[BlackRD "56"]
[GameID "203967"]

1. e4 d5 2. Nc3 dxe4 3. Nxe4 Qd5 4. d3 Nc6 5. Bf4 e5 6. Be3 Bd7 7. f3 Nf6 8. Nxf6+ gxf6 9. d4 Bg7 10. c3 O-O-O
11. Bd3 Kb8 12. Ne2 Rhe8 13. b4 exd4 14. cxd4 Rxe3 15. O-O Nxd4 16. Be4 Nxe2+ 17. Kf2 Qxd1 18. Raxd1 Rxe4 19. Rd3 Ree8 20. Rfd1 Kc8
21. h3 Nf4 22. Kg3 Nxd3 23. Rxd3 Be6 24. Rc3 f5
0-1

[Event "Please do not Yell"]
[Site "SchemingMind.com"]
[Date "2009.05.09"]
[Round "-"]
[White "echecs"]
[Black "e_castle3"]
[Result "1-0"]
[WhiteCountry "ENG"]
[BlackCountry "PHI"]
[WhiteElo "1802"]
[WhiteRD "61"]
[BlackElo "1747"]
[BlackRD "69"]
[GameID "204002"]

1. e4 Nc6 2. d4 d5 3. e5 Bf5 4. Bb5 a6 5. Ba4 b5 6. Bb3 e6 7. a3 Nge7 8. c3 Bxb1 9. Rxb1 Ng6 10. Nf3 Be7
11. O-O O-O 12. Be3 f6 13. exf6 Bxf6 14. Bc2 Qe8 15. b4 Nce7 16. Ng5 Qd7 17. Qh5 Bxg5 18. Bxg5 Kf7 19. Bxe7 Qxe7 20. Qxh7 Qg5
21. Bxg6+ Qxg6 22. Qxg6+ Kxg6 23. Rbe1 Rf6 24. Re5 Raf8 25. g3 Kf7 26. h4 Ke7 27. f4 Rg6 28. Kh2 Kd7 29. Ra1 Rh8 30. a4 Kc6
31. a5 Kd6 32. Rae1 c6 33. Kg2 Rxh4 34. Rxe6+ Rxe6 35. Rxe6+ Kxe6 36. gxh4 Kf5 37. Kf3 g6 38. Kg3 Ke4 39. Kg4 Kd3 40. Kg5 Kxc3
41. Kxg6 Kxb4 42. f5 Kb3 43. f6 b4 44. f7 Ka2 45. f8=Q b3 46. Qb4 b2 47. Qa4+ Kb1 48. h5 Kc1 49. Qxc6+ Kd2 50. Qb6 Kc1
51. Qc5+ Kd1 52. Qb4 Kc2 53. h6
1-0

[Event "Please do not Yell"]
[Site "SchemingMind.com"]
[Date "2009.05.10"]
[Round "-"]
[White "echecs"]
[Black "Archon"]
[Result "0-1"]
[WhiteCountry "ENG"]
[BlackCountry "CAN"]
[WhiteElo "1790"]
[WhiteRD "59"]
[BlackElo "1713"]
[BlackRD "61"]
[GameID "204003"]

1. e4 d5 2. exd5 Qxd5 3. Nc3 Qa5 4. d4 Nf6 5. Nf3 c6 6. Bc4 Bf5 7. Bd2 e6 8. Nd5 Qd8 9. Ne3 Bg6 10. c3 Nbd7
11. O-O Bd6 12. Qb3 O-O 13. Bxe6 fxe6 14. Qxe6+ Kh8 15. Qxd6 Ne4 16. Qb4 Rxf3 17. gxf3 Nxd2 18. Rfd1 Nxf3+ 19. Kf1 Nb6 20. d5 cxd5
21. Qf4 Be4 22. Rac1 Qe7 23. b3 Rf8 24. Qg3 Qf7 25. c4 dxc4 26. Nxc4 Nxc4 27. Rxc4 Bc6 28. Rc3 Qh5 29. Rdc1 Nxh2+ 30. Kg1 Nf3+
31. Kf1 Nd2+ 32. Ke1 Re8+ 33. Re3 Nf3+ 34. Ke2 Nh2+ 35. Ke1 Nf3+ 36. Ke2 Bb5+ 37. Kd1 Rd8+ 38. Kc2 Qf5+ 39. Kb2 Rd2+ 40. Ka3 Qf8+
41. b4 a5 42. Rb3 axb4+
0-1

[Event "Please do not Yell"]
[Site "SchemingMind.com"]
[Date "2009.05.09"]
[Round "-"]
[White "echecs"]
[Black "AycaguerMarcel"]
[Result "1-0"]
[WhiteCountry "ENG"]
[BlackCountry "URU"]
[WhiteElo "1783"]
[WhiteRD "63"]
[BlackElo "1558"]
[BlackRD "73"]
[GameID "204004"]

1. e4 e6 2. d4 d5 3. e5 c5 4. c3 Nc6 5. Nf3 Qb6 6. Be2 f6 7. O-O Bd7 8. b3 O-O-O 9. Be3 Kb8 10. a4 cxd4
11. cxd4 Bb4 12. Na3 a6 13. Nc2 Nge7 14. Nxb4 Nxb4 15. a5 Qa7 16. Qd2 Nbc6 17. b4 Ka8 18. b5 axb5 19. Bxb5
1-0

[Event "Please do not Yell"]
[Site "SchemingMind.com"]
[Date "2009.05.09"]
[Round "-"]
[White "echecs"]
[Black "Heidi"]
[Result "1-0"]
[WhiteCountry "ENG"]
[BlackCountry "USA"]
[WhiteElo "1783"]
[WhiteRD "63"]
[BlackElo "979"]
[BlackRD "69"]
[GameID "204005"]

1. e4 e5 2. Nf3 Nc6 3. Bc4 Bc5 4. c3 Nf6 5. b4 d5 6. exd5 Nxd5 7. bxc5 Nf4 8. O-O O-O 9. d4 exd4 10. Bxf4 Bg4
11. cxd4 Re8 12. Bxf7+ Kxf7 13. Ng5+ Kg8 14. Qxg4 h6 15. Nf3 Re4 16. Nc3 Re7 17. Bxh6 b6 18. Bg5 Ne5 19. Nxe5 Qe8 20. Bxe7 Qxe7
21. Nd5 Qf8 22. Ng6 Qf7 23. Nde7+ Kh7 24. Qh5#
1-0

[Event "Please do not Yell"]
[Site "SchemingMind.com"]
[Date "2009.05.11"]
[Round "-"]
[White "e_castle3"]
[Black "echecs"]
[Result "1-0"]
[WhiteCountry "PHI"]
[BlackCountry "ENG"]
[WhiteElo "1747"]
[WhiteRD "69"]
[BlackElo "1802"]
[BlackRD "61"]
[GameID "204006"]

1. d4 e6 2. e4 c5 3. Nf3 cxd4 4. Nxd4 a6 5. g3 Nc6 6. Bg2 Bc5 7. Be3 Bb6 8. O-O Nge7 9. Nc3 O-O 10. Nxc6 bxc6
11. Re1 d5 12. Bxb6 Qxb6 13. Rb1 Ng6 14. exd5 cxd5 15. Na4 Qa5 16. c4 Bd7 17. Nc3 Rad8 18. cxd5 exd5 19. Nxd5 Be6 20. b4 Qxa2
21. Ra1 Qc4 22. Rc1 Qb5 23. Rc5 Qd7 24. Ne3 Qa7 25. Qa4 Rd4 26. Qa5 Rb8 27. Nc2 Rd6 28. Na3 Rdb6 29. b5 Nf8 30. Rec1 Qe7
31. bxa6 Nd7 32. Rc7 Qd6 33. Bf1 Ne5 34. a7 Ra8 35. Bg2 Ra6 36. Qxa6 Qxa6 37. Bxa8 Nd7 38. Bg2 Nb6 39. Nb1 g6 40. Nd2 Qa2
41. Ne4 Kg7 42. Nc3 Qa5 43. Ne2 Bd5 44. Bh3 Na8 45. Rd7 Nb6 46. Rdc7 Bf3 47. Nf4 Na8 48. Rd7 Qa3 49. Re1 Bc6 50. Rde7 Qb4
51. Ne6+ Kf6 52. Nd8 Bd5 53. Bg2 Bxg2 54. Rxf7+ Kg5 55. Re5+ Kh6 56. Kxg2 Qd4 57. Re8 Qd5+ 58. f3 Qd2+ 59. Kh3 Qd1 60. Rf4 Qd7+
61. Re6 Qxd8 62. Ref6 Qd7+ 63. Kg2 Qxa7 64. Rf7 Qa2+ 65. Kh3 Qe6+ 66. Kg2 Nb6 67. Rh4+ Kg5 68. f4#
1-0

[Event "Please do not Yell"]
[Site "SchemingMind.com"]
[Date "2009.05.11"]
[Round "-"]
[White "Archon"]
[Black "echecs"]
[Result "0-1"]
[WhiteCountry "CAN"]
[BlackCountry "ENG"]
[WhiteElo "1622"]
[WhiteRD "59"]
[BlackElo "1816"]
[BlackRD "58"]
[GameID "204007"]

1. d4 e6 2. e4 c5 3. Nf3 cxd4 4. Nxd4 a6 5. Be2 Qc7 6. Be3 Nf6 7. c4 Nxe4 8. Nd2 Bb4 9. a3 Bxd2+ 10. Bxd2 Qb6
11. Be3 Qxb2 12. O-O Nc3 13. Qd2 Nxe2+ 14. Qxe2 Qxe2 15. Nxe2 O-O 16. c5 Nc6 17. Rfd1 f6 18. Rab1 a5 19. Nc3 Ne5 20. Ne4 Nc4
21. Nd6 Nxd6 22. Rxd6 Ra6 23. Rbb6 Ra8 24. a4 Kf7 25. Kf1 Ke7 26. Ke2 h6 27. Kd3 f5 28. Bd4 Rf7 29. Kc4 g5 30. Kb5 f4
31. Bc3 Rf5 32. Kc4 h5 33. Rb5 h4 34. h3 f3 35. gxf3 Rf4+ 36. Kb3 Rxf3 37. Rd2 Rxh3 38. Kb2 Rf3 39. Be5 Kf7 40. Rb3 Rf5
41. Bd6 Kg6 42. Rh3 Ra6 43. Kc3 Kh5 44. f3 Rc6 45. Kd4 Rd5+ 46. Ke3 Rxd2 47. Kxd2 b6 48. Be7 bxc5 49. f4 gxf4 50. Rxh4+ Kg6
51. Rxf4 d5 52. Rf6+ Kh5 53. Rf8 c4 54. Bf6 Kg4 55. Be5 Ba6 56. Kc3 Rc8 57. Rf6 Re8 58. Bc7 Kg5 59. Be5 Re7 60. Rf2 Rb7
61. Rb2 Rxb2 62. Kxb2 Kf5 63. Bc3 e5 64. Bxa5 d4 65. Kc2 e4
0-1

[Event "Please do not Yell"]
[Site "SchemingMind.com"]
[Date "2009.05.11"]
[Round "-"]
[White "AycaguerMarcel"]
[Black "echecs"]
[Result "0-1"]
[WhiteCountry "URU"]
[BlackCountry "ENG"]
[WhiteElo "1558"]
[WhiteRD "73"]
[BlackElo "1783"]
[BlackRD "63"]
[GameID "204008"]

1. e4 e5 2. Nf3 Nf6 3. Nxe5 Qe7 4. d4 d6 5. Nf3 Nxe4 6. Be2 Bf5 7. O-O Qf6 8. Bd3 Be7 9. c4 c6 10. Bxe4 Bxe4
11. Bg5 Bxf3 12. Bxf6 Bxd1 13. Bxe7 Kxe7 14. Rxd1 Nd7 15. Nc3 Rhd8 16. Rd2 Nf6 17. Re1+ Kf8 18. f3 d5 19. c5 a5 20. Rde2 Nd7
21. b3 b5 22. Kf2 g5 23. Re3 h6 24. Kg3 Nf6 25. h4 Nh5+ 26. Kf2 b4 27. Ne2 a4 28. Ng3 Nxg3 29. Kxg3 axb3 30. axb3 Kg7
31. hxg5 hxg5 32. Re5 Kg6 33. Kg4 f6 34. Re7 Ra2 35. g3 f5+ 36. Kh3 Rh8+
0-1

[Event "Please do not Yell"]
[Site "SchemingMind.com"]
[Date "2009.05.11"]
[Round "-"]
[White "Heidi"]
[Black "echecs"]
[Result "0-1"]
[WhiteCountry "USA"]
[BlackCountry "ENG"]
[WhiteElo "979"]
[WhiteRD "69"]
[BlackElo "1783"]
[BlackRD "63"]
[GameID "204009"]

1. e4 e5 2. Nf3 Nf6 3. Bc4 Nc6 4. Nc3 Be7 5. d4 exd4 6. Nxd4 Ne5 7. Be2 O-O 8. O-O d6 9. Bc4 Nxc4 10. h3 Ne5
11. Re1 Bd7 12. b4 Qc8 13. a4 b6 14. Ndb5 a6 15. Na3 c5 16. Be3 cxb4 17. Nab1 bxc3 18. Qd4 b5 19. axb5 axb5 20. Na3 Nc6
21. Qxc3 b4 22. Qd3 bxa3 23. Rxa3 Ne5 24. Qd2 Rxa3 25. f4 Nc4 26. Qf2 Nxe3 27. c3 Qxc3 28. Rxe3 Qxe3
0-1

[Event "Please do not Yell"]
[Site "SchemingMind.com"]
[Date "2009.05.09"]
[Round "-"]
[White "Ollowain"]
[Black "e_castle3"]
[Result "1-0"]
[WhiteCountry "GER"]
[BlackCountry "PHI"]
[WhiteElo "2107"]
[WhiteRD "83"]
[BlackElo "1744"]
[BlackRD "66"]
[GameID "204012"]

1. e4 Nc6 2. d4 d5 3. Nc3 e6 4. e5 Bd7 5. Nf3 Bb4 6. Bd2 Bxc3 7. bxc3 Nge7 8. Bd3 Ng6 9. h4 h6 10. h5 Nge7
11. Nh4 Nf5 12. Nxf5 exf5 13. Qf3 Ne7 14. Qg3 Rg8 15. O-O c6 16. a4 Qc7 17. e6
1-0

[Event "Please do not Yell"]
[Site "SchemingMind.com"]
[Date "2009.05.11"]
[Round "-"]
[White "Ollowain"]
[Black "echecs"]
[Result "1-0"]
[WhiteCountry "GER"]
[BlackCountry "ENG"]
[WhiteElo "2092"]
[WhiteRD "86"]
[BlackElo "1783"]
[BlackRD "63"]
[GameID "204013"]

1. e4 e5 2. Nf3 Nf6 3. Nxe5 Qe7 4. d4 Nxe4 5. Bd3 d6 6. Bxe4 dxe5 7. O-O c6 8. Re1 f6 9. dxe5 fxe5 10. Qh5+ g6
11. Bxg6+ Kd8 12. Bg5
1-0

[Event "Please do not Yell"]
[Site "SchemingMind.com"]
[Date "2009.05.10"]
[Round "-"]
[White "Ollowain"]
[Black "Archon"]
[Result "1-0"]
[WhiteCountry "GER"]
[BlackCountry "CAN"]
[WhiteElo "2092"]
[WhiteRD "86"]
[BlackElo "1703"]
[BlackRD "59"]
[GameID "204014"]

1. e4 d5 2. exd5 Qxd5 3. Nc3 Qa5 4. d4 Nf6 5. Nf3 c6 6. Bc4 Bf5 7. Bd2 e6 8. Qe2 Bb4 9. O-O-O Nbd7 10. a3 Bxc3
11. Bxc3 Qc7 12. Ne5 Nxe5 13. dxe5 Nd5 14. Bd2 O-O-O 15. g4 Bg6 16. f4 Rd7 17. Rhf1 Rhd8 18. f5 exf5 19. gxf5 Bxf5 20. Rxf5 Nb6
21. Bb3 Re7 22. Bg5 Rxd1+ 23. Qxd1 Rd7 24. Be6 h6 25. Rxf7 hxg5 26. Rf8+
1-0

[Event "Please do not Yell"]
[Site "SchemingMind.com"]
[Date "2009.05.09"]
[Round "-"]
[White "Ollowain"]
[Black "AycaguerMarcel"]
[Result "1-0"]
[WhiteCountry "GER"]
[BlackCountry "URU"]
[WhiteElo "2092"]
[WhiteRD "86"]
[BlackElo "1558"]
[BlackRD "73"]
[GameID "204015"]

1. e4 e6 2. d4 d5 3. Nc3 dxe4 4. Nxe4 Be7 5. Nf3 Nf6 6. Bd3 O-O 7. Qe2 b6 8. O-O Bb7 9. Nxf6+ Bxf6 10. Rd1 Nc6
11. c3 g6 12. Bh6 Bg7 13. Bxg7 Kxg7 14. Be4 Na5 15. Bxb7 Nxb7 16. Qe5+ Kg8 17. Ng5 Nd6 18. Rd3 Ne8 19. Rh3 Nf6 20. Re1
1-0

[Event "Please do not Yell"]
[Site "SchemingMind.com"]
[Date "2009.05.09"]
[Round "-"]
[White "Ollowain"]
[Black "Heidi"]
[Result "1-0"]
[WhiteCountry "GER"]
[BlackCountry "USA"]
[WhiteElo "2101"]
[WhiteRD "88"]
[BlackElo "993"]
[BlackRD "71"]
[GameID "204016"]

1. e4 e5 2. Nf3 Nc6 3. Bb5 b6 4. O-O Nf6 5. Re1 Bb7 6. c3 Bc5 7. d4 Be7 8. dxe5 Nxe5 9. Nxe5 O-O 10. Nd2 d5
11. Nc6 Nxe4 12. Nxd8 Raxd8 13. Nxe4 c6 14. Bxc6 Bxc6 15. Ng3 h6 16. Rxe7 a5 17. Nf5 Bd7 18. Qh5 Bb5 19. Nxh6+ Kh7 20. Nxf7+ Kg8
21. Qh8#
1-0

[Event "Please do not Yell"]
[Site "SchemingMind.com"]
[Date "2009.05.09"]
[Round "-"]
[White "e_castle3"]
[Black "Ollowain"]
[Result "0-1"]
[WhiteCountry "PHI"]
[BlackCountry "GER"]
[WhiteElo "1744"]
[WhiteRD "66"]
[BlackElo "2107"]
[BlackRD "83"]
[GameID "204017"]

1. e4 e5 2. Nf3 Nc6 3. Bb5 a6 4. Ba4 Nf6 5. O-O Be7 6. Re1 b5 7. Bb3 O-O 8. c3 d5 9. exd5 Nxd5 10. Nxe5 Nxe5
11. Rxe5 c6 12. d4 Bd6 13. Rg5 Re8 14. Na3 h6 15. Rh5 Bg4
0-1

[Event "Please do not Yell"]
[Site "SchemingMind.com"]
[Date "2009.05.11"]
[Round "-"]
[White "echecs"]
[Black "Ollowain"]
[Result "0-1"]
[WhiteCountry "ENG"]
[BlackCountry "GER"]
[WhiteElo "1784"]
[WhiteRD "54"]
[BlackElo "2107"]
[BlackRD "83"]
[GameID "204018"]

1. e4 e5 2. Nf3 Nc6 3. Bc4 Nf6 4. d4 exd4 5. e5 d5 6. Bb5 Ne4 7. Nxd4 Bd7 8. Bxc6 bxc6 9. O-O Bc5 10. f3 Ng5
11. f4 Ne4 12. Be3 Bb6 13. b4 Qe7 14. Nd2 Nc3 15. Qf3 Qxb4 16. N2b3 O-O 17. Kh1 c5 18. Ne2 Nxe2 19. Qxe2 Bb5 20. Qg4 Bxf1
21. Rxf1 c4 22. Bd2 Qe7 23. Nc1 f6 24. exf6 Qxf6 25. Ne2 Rae8 26. Ng3 c3 27. Bc1 c6 28. f5 Qd4 29. Qg5 Qc4 30. Bf4 Bf2
31. Rb1 Qxa2 32. Rf1 Qxc2 33. Rc1 Qxc1+
0-1

[Event "Please do not Yell"]
[Site "SchemingMind.com"]
[Date "2009.05.10"]
[Round "-"]
[White "Archon"]
[Black "Ollowain"]
[Result "0-1"]
[WhiteCountry "CAN"]
[BlackCountry "GER"]
[WhiteElo "1661"]
[WhiteRD "60"]
[BlackElo "2150"]
[BlackRD "87"]
[GameID "204019"]

1. d4 Nf6 2. Nc3 d5 3. e4 dxe4 4. f3 exf3 5. Nxf3 c6 6. Bd3 Bg4 7. h3 Bh5 8. Bf4 Nbd7 9. O-O e6 10. a3 Nb6
11. g4 Bg6 12. Ne5 Qxd4+ 13. Kh1 Bxd3 14. Qxd3 Qxd3 15. Nxd3 Nbd5 16. Nxd5 Nxd5 17. Bd2 Be7 18. Rae1 O-O 19. Ne5 Bd6 20. Nd7 Rfd8
21. Ne5 Bxe5 22. Rxe5 b5 23. Rfe1 c5 24. Ba5 Rd7 25. Bd2 a5 26. Kg2 b4 27. axb4 axb4 28. Kf3 c4 29. Bc1 h6 30. h4 c3
31. bxc3 bxc3 32. h5 Nb4 33. R5e2 Ra2 34. g5 hxg5 35. Bxg5 Rxc2 36. Rxc2 Nxc2 37. Rc1 Nd4+ 38. Ke4 c2 39. h6 f6 40. Be3 e5
41. hxg7 Kxg7 42. Bxd4 Rxd4+ 43. Ke3 Rc4 44. Kd3 Rc7 45. Kd2 f5
0-1

[Event "Please do not Yell"]
[Site "SchemingMind.com"]
[Date "2009.05.09"]
[Round "-"]
[White "AycaguerMarcel"]
[Black "Ollowain"]
[Result "1/2-1/2"]
[WhiteCountry "URU"]
[BlackCountry "GER"]
[WhiteElo "1589"]
[WhiteRD "77"]
[BlackElo "2092"]
[BlackRD "87"]
[GameID "204020"]

1. d4 Nf6 2. c4 g6 3. Nc3 Bg7 4. e4 d6 5. Nf3 O-O 6. Be2 e5 7. dxe5 dxe5 8. O-O Nc6 9. Bg5 Qxd1 10. Rfxd1 Bg4
11. h3 Bxf3 12. Bxf3 Nd4 13. Kf1 c6 14. Be2 h6 15. Be3 Nc2 16. Rac1 Nxe3+ 17. fxe3 Rfd8 18. Kf2 Bf8 19. a3 a5 20. g4 Be7
21. Kg3 Nd7 22. Rd2 Nc5 23. Rcd1 Rxd2 24. Rxd2 a4 25. Bd1 Kf8 26. h4 Bf6 27. Bc2 Ke7 28. Kh3 Ke6 29. Kg3 b6 30. Bd1 Bd8
31. Kh3 Be7 32. Bc2 Bd6 33. Bd1 Be7= 34. Kg3 Bd8 35. Bc2=
1/2-1/2

[Event "Please do not Yell"]
[Site "SchemingMind.com"]
[Date "2009.05.10"]
[Round "-"]
[White "Heidi"]
[Black "Ollowain"]
[Result "0-1"]
[WhiteCountry "USA"]
[BlackCountry "GER"]
[WhiteElo "993"]
[WhiteRD "71"]
[BlackElo "2101"]
[BlackRD "88"]
[GameID "204021"]

1. e4 e5 2. d4 exd4 3. Qxd4 Nc6 4. Qd1 Nf6 5. Nc3 Bb4 6. Bd3 O-O 7. Nf3 d6 8. O-O Bg4 9. Bg5 Bxc3 10. Rb1 Bb4
11. c3 Bc5 12. h3 Bh5 13. Bc4 Ne5 14. Nh4 Bxd1 15. Be2 h6 16. Nf3 Nxf3+ 17. Bxf3 Bxf3 18. Bd2 Bxe4 19. Rbd1 Bd3 20. Rfe1 Ne4
21. b4 Bxf2+ 22. Kh2 Qh4 23. Rf1 Qg3+ 24. Kh1 Nxd2 25. Rxf2 Qxf2 26. a4 Be4
0-1

[Event "Please do not Yell"]
[Site "SchemingMind.com"]
[Date "2009.05.09"]
[Round "-"]
[White "maro"]
[Black "e_castle3"]
[Result "0-1"]
[WhiteCountry "MEX"]
[BlackCountry "PHI"]
[WhiteElo "1328"]
[WhiteRD "52"]
[BlackElo "1744"]
[BlackRD "66"]
[GameID "204030"]

1. d4 d5 2. c4 c6 3. c5 Bf5 4. Nc3 Nf6 5. e3 e6 6. Be2 Be7 7. Bf3 O-O 8. Nge2 Nbd7 9. O-O Qc7 10. Ng3 Bg6
11. e4 dxe4 12. Ncxe4 Nd5 13. h3 e5 14. Be3 f5 15. Ng5 Bxg5 16. Bxg5 h6 17. Bh4 e4 18. Nxe4 fxe4 19. Bg4 N7f6 20. Be6+ Kh8
21. Qd2 Rae8 22. Bxd5 Nxd5 23. Rfe1 Qf4 24. Qxf4 Rxf4 25. g3 Rf7 26. f4 e3 27. Kf1 Bd3+ 28. Kg1 Re4 29. Rad1 Bb5 30. a3 Ba4
31. Rd3 Bc2
0-1